Muž, který se bál žít Skutečný život začíná ve chvíli, kdy vykročíme ze své komfortní zóny.

Saved in:
Bibliographic Details
Main Author Montero, Ángel, Miguel
Format Electronic eBook
LanguageCzech
Published Metafora 2026
Edition1. elektronické vydání
Subjects
Online AccessDostupné v BOOKPORT po přihlášení pomocí eduID
ISBN978-80-271-6228-4
978-80-271-6407-3
978-80-7625-936-2
Physical Description1 online zdroj (192 stran)

Cover

LEADER 00000nam a2200000 i 4500
001 bkp12246
003 CZ-prgp
005 20260526120110.0
006 m o d
007 cr cn
008 260526s2026 xr o 000 0 cze
020 |a 978-80-271-6228-4  |c 271 Kč  |q (online ; pdf) 
020 |a 978-80-271-6407-3  |c 271 Kč  |q (online ; epub) 
020 |a 978-80-7625-936-2  |c 319 Kč  |q (print) 
040 |a Grada  |b cze  |e rda 
100 1 |a Montero, Ángel, Miguel 
245 1 0 |a Muž, který se bál žít  |b Skutečný život začíná ve chvíli, kdy vykročíme ze své komfortní zóny.  |c Miguel Montero Ángel 
250 |a 1. elektronické vydání 
264 1 |b Metafora  |c 2026 
300 |a 1 online zdroj (192 stran) 
336 |a text  |b txt  |2 rdacontent 
337 |a počítač  |b c  |2 rdamedia 
338 |a online zdroj  |b cr  |2 rdacarrier 
520 3 |a Příběh muže, který se rozhodne opustit životní jistoty a vydává se na Svatojakubskou cestu, aby znovu našel sám sebe. S každým krokem překonává strach, zpomaluje a objevuje smysl, odvahu i radost z obyčejného bytí. Inspirativní román o tom, že skutečný život začíná ve chvíli, kdy se odhodláme vykročit ze své komfortní zóny. 
650 0 4 |a Harmonie těla a duše 
650 0 4 |a Sebepoznání 
650 0 4 |a Šťastný život 
856 4 0 |u https://www.bookport.cz/AccountSaml/SignIn/?idp=https://shibboleth.utb.cz/idp/shibboleth&returnUrl=/kniha/muz-ktery-se-bal-zit-16133/  |y Dostupné v BOOKPORT po přihlášení pomocí eduID